Регионална библиотека "Любен Каравелов" - Русе

Всичко за динозаврите (Запис номер 171126)

MARC детайли
000 -Лидер
Контролно поле с фиксирана дължина 01847nam a2200421 c 4500
003 - Код на организацията, давaща контролен номер
Контролно поле BLK
005 - Дата и час на последна редакция
Контролно поле 20180422114433.0
008 - Елементи от данни с фиксирана дължина
fixed length control field 180411b bul|||||r ||||||| ||bul||
010 ## - Наследен системен номер
LC control number KNG00179373000
020 ## - Международен стандартен номер на книга ISBN
Международен стандартен номер на книга ISBN 978-954-27-1299-2
-- издат.: Егмонт България
040 ## - Източник на каталожния запис
Идентификатор на билиотеката - собственик на записа BLK
041 ## - Код за език
Код за езика на текст/звукозапис или на отделно заглавие Български
Код за езика КДБФ Български
072 #7 - Код за тематичната категория
Код организация bullib
Код за тематична категория Н86
Текст Детска отраслова литература Н
080 ## - УДК
Текстов определител УДК Динозаври
УДК код - определител по УДК 568.1
УДК определител (02.053.2)
УДК - код + определител 568.1(02.053.2)
100 1# - Редна дума - Автор
Автор Хоуна, Блейк
Авторска отговорност първи автор
R(LIN) 137629
139 ## - Редно поле
Редна дума Хоуна, Блейк и др.
Авторски знак Хот - Х 70
245 10 - Сведения за заглавието
Заглавие Всичко за динозаврите
Редно поле (дума) Блейк Хоуна; с изследователя на National Geographic Пол Серино; ил. Франко Темпеста; прев. Мартин Янков.
257 ## - Страна на издаване
Страна на създаване/издаване Съединени американски щати
260 ## - Област на издателските данни
-- София
Име на издателя, разпространителя и проч. Егмонт България
Година на издаване 2014
Печатница Добрич : Фолиарт
300 ## - Физическа характеристика
Страници 64 с.
Илюстрации и др. с цв. ил.
Размери/Мащаб 28 см
380 ## - Жанр
Жанр Детска отраслова лит.
490 1# - СЕРИИ (Колекции)
Име на серия National Geographic Kids
490 1# - СЕРИИ (Колекции)
-- Подсерия
Име на серия Поредица Всичко за
500 ## - Общи забележки
Забележка Без сведение за ориг. загл. - За авторите. - Речник ; Азб. показалец.
650 #4 - Допълнително описание по предмет – тема
Основно описание – тема или топоним Динозаври
9 (RLIN) 153483
653 ## - Ключова дума – ненормативна
Ключова дума динозаври
653 ## - Ключова дума – ненормативна
Ключова дума литература за деца
653 ## - Ключова дума – ненормативна
Ключова дума детска литература
659 ## - Тематичен бюлетин
Тематичен бюлетин Н
700 1# - Други автори (авторска отговорност)
Лично име Серино, Пол
Автороска отговорност (Описва отношението между автора и произведението) с изследователя на National Geographic
9 (RLIN) 119910
700 1# - Други автори (авторска отговорност)
Лично име Темпеста, Франко
Автороска отговорност (Описва отношението между автора и произведението) ил.
9 (RLIN) 128286
700 1# - Други автори (авторска отговорност)
Лично име Янков, Мартин
Автороска отговорност (Описва отношението между автора и произведението) прев.
9 (RLIN) 382767
852 ## - Местоположение
Форматна сигнатура Цб ІІ 20742
856 4# - Електронен адрес и достъп
Електронен формат pdf - файл
Път до файла /url/
856 4# - Електронен адрес и достъп
Електронен формат pdf - файл
Път до файла /url/
942 ## - АРТИКУЛИ
Вид на библиотечния материал Книги
Скрит в OPAC Не
944 ## - СЪЗДАВАНЕ И РЕДАКЦИЯ на ЗАПИСА
Създаване/Редакция Създаване
Дата на регистрацията/редакция 10.08.2015
Статус, дата на статуса ф /
Служител, извършил регистрацията/редакцията Виолета_Тройчева
944 ## - СЪЗДАВАНЕ И РЕДАКЦИЯ на ЗАПИСА
Създаване/Редакция Редакция
Дата на регистрацията/редакция 03.12.2015
Статус, дата на статуса ф /
Служител, извършил регистрацията/редакцията Людмила_Стоянова
999 ## - СИСТЕМНИ КОНТРОЛНИ НОМЕРА
Koha biblionumber 171126
Koha biblioitemnumber 171126
Наличности
Код за отписване Код за изгубен артикул Код за повреда Коз за рестрикции Код за отдаване Артикулен № Име на библиотеката - собственик Име на библиотеката, в която се намира в момента Статус (Текущо местоположение) Дата на вписване в системата Местоположение - отдел Цена в лева Инвентарен номер Систематично азбучна сигнатура Баркод Номер на екземпляра Цена в евро Служебна бележка Служебен тип на артикула
  Не е изгубен Не е повреден без рестрикции ползва се в читалня 290667 Регионална библиотека "Любен Каравелов" Русе Регионална библиотека "Любен Каравелов" Русе Хранилище 2015-08-06 Хранилище 7.99 120000790808 Цб ІІ 20742 120000790808 1 4.09 Дост: Dp Вид: Д N: 14 Дата: 27.03.2015 Книги
Vip Innovations Ltd, Rousse, Bulgaria 2025